|
|
|
|
| LEADER |
01653cas a2200229 a 4500 |
| 001 |
AALejournalIMF021492 |
| 008 |
230101c9999 xx r poo 0 0eng d |
| 020 |
|
|
|c 5.00 USD
|
| 020 |
|
|
|z 9781513568669
|
| 022 |
|
|
|a 1018-5941
|
| 040 |
|
|
|a BD-DhAAL
|c BD-DhAAL
|
| 245 |
1 |
0 |
|a Fair and Inclusive Markets :
|b Why Dynamism Matters.
|
| 264 |
|
1 |
|a Washington, D.C. :
|b International Monetary Fund,
|c 2021.
|
| 300 |
|
|
|a 1 online resource (22 pages)
|
| 490 |
1 |
|
|a IMF Working Papers
|
| 500 |
|
|
|a <strong>Off-Campus Access:</strong> No User ID or Password Required
|
| 500 |
|
|
|a <strong>On-Campus Access:</strong> No User ID or Password Required
|
| 506 |
|
|
|a Electronic access restricted to authorized BRAC University faculty, staff and students
|
| 520 |
3 |
|
|a We show empirical evidence that there may not be a tradeoff between market income inequality and high sustained growth, which is key for poverty alleviation. We argue that the economies that achieved high sustained growth and low market income inequality are characterized by dynamism-a drive toward sophisticated export industries, innovation, and creative destruction and a high level of competition. What a country produces and how much it competes domestically and internationally are important for achieving fair and inclusive markets. We explore policy options to steer industrial and market structures toward providing growth opportunities for both workers and firms.
|
| 538 |
|
|
|a Mode of access: Internet
|
| 830 |
|
0 |
|a IMF Working Papers; Working Paper ;
|v No. 2021/029
|
| 856 |
4 |
0 |
|z Full text available on IMF
|u http://elibrary.imf.org/view/journals/001/2021/029/001.2021.issue-029-en.xml
|z IMF e-Library
|